Audítorstvo 2. Zbierka

Bibliographic Details
Main Author: Kareš, Ladislav (Author)
Format: Book
Language:Slovak
PhysicalDescription:182 s. tab. 29 cm
Published: Bratislava Ekonóm 2003
ISBN:8022515698
Edition:1. vyd.
Subjects:

MARC

LEADER 00000nam a2200000 a 4500
001 vtls001473119
003 SK-MaSNL
005 20260301182937.0
008 240509s2003 xo slo
015 |a SNBA2004/07-04239 
020 |a 8022515698 
035 |a SNK000428421 
035 |a urn:nbn:sk:snk-amyfbp 
035 |a urn:nbn:sk:snk-am00ci3y 
035 |a B530EA7C-EEFF-46D1-904A-0EB4D2D85D1B 
040 |a SNK  |b slo  |c SNK  |e AACR2 
041 0 |a slo 
044 |a xo  |c SK 
072 7 |a 657  |2 konspekt 
080 |a 65.012.7:658(075.8)(076.5)  |2 2. slo 
080 |a 657.6  |2 1981 
080 |a (075.8)  |2 1981 
080 |a (076.1/.3)  |2 1981 
100 1 |a Kareš, Ladislav  |4 aut  |9 9466 
245 1 |a Audítorstvo 2. Zbierka  |c Ladislav Kareš a kolektív 
250 |a 1. vyd. 
260 |a Bratislava  |b Ekonóm  |c 2003 
300 |a 182 s.  |b tab.  |c 29 cm 
500 |a 300 výtl. 
504 |a Bibliogr. s. 182 
650 0 7 |a udítorstvo  |x zbierky úloh  |2 SNK  |9 557534 
650 0 7 |a audit  |2 SNK  |9 2834 
650 0 7 |a audítorstvo  |2 SNK  |9 73979 
655 7 |a Textbooks (higher)  |2 SNKPHeng  |9 276436 
655 7 |a učebnice vysokých škôl  |2 SNKPH  |9 70191 
655 7 |a zbierky úloh  |2 SNK  |9 70562 
919 |a 80-225-1569-8 
958 0 7 |a NB 
958 |a OND 
968 |d 65 
999 |c 855282  |d 857212 
952 |t P60, <03>, [BOOK], {603}  |a SNK  |b SNK  |y PREZ  |7 0  |p 17A0426093  |o snkSB 67946/2  |i snkKSP 5426/2004  |0 0  |1 0  |4 0  |d 2004-04-15  |f 1  |l 0  |r 2025-04-16 00:00:00  |w 2026-02-24 
952 |t P60, <04>, [BOOK], {604}  |a SNK  |b SNK  |y VYP  |7 0  |p 17A0426094  |o snkSB 67946/2 D1  |i snkKSP 5427/2004  |0 0  |1 0  |4 0  |d 2004-04-15  |l 0  |r 2005-01-02 00:00:00  |w 2026-02-24